000 01397nam0a2200373 4500
001 RU\NLR\bibl\1338426
005 20260419041502.0
010 _a978-5-98664-034-1
_bв пер.
021 _aRU
_b2008-108500
_96402
035 _a(nilc)RSL-KNO-004223795
035 _a(NLR Aleph) 001323604
090 _a755627
_c755627
100 _a20090111d2007 |||y0rusy50 ca
101 0 _arus
102 _aRU
105 _aa zzzz|||||
200 1 _aРиски цивилизаций
_fВ. Б. Живетин
_gИн-т проблем риска
210 _aМосква
_cИзд-во Института проблем риска
_d2007
215 _a359 с.
_cил.
_d21
320 _aБиблиогр.: с. 354-359 (92 назв.)
606 1 _aЦивилизации
_xИстория
_92116216
_3RU\NLR\auth\661278420
606 _aВсеобщая история
_xЦивилизационная теория
_3RU\NLR\auth\661361597
_92271792
610 0 _aСоциология -- Социология культуры и цивилизации
686 _aС555.2,0
_2rubbk
686 _aТ3(0)0,02
686 _aТ08
700 1 _aЖиветин
_bВ. Б.
_gВладимир Борисович
_4070
801 0 _aRU
_bРКП
_c20090111
801 1 _aRU
_bРГБ
_c20090111
801 2 _aRU
_bNLR
_c20090310
_grcr
830 _aавт. по кн.
942 _cBOOK
980 _aNB